Normal view
MARC view
Entry Término temático
001 - NÚMERO DE CONTROL
- campo de control: 85528
003 - IDENTIFICADOR DEL NÚMERO DE CONTROL
- campo de control: DO-SdBNP
005 - FECHA Y HORA DE LA ÚLTIMA TRANSACCIÓN
- campo de control: 20240521144444.0
008 - DATOS DE LONGITUD FIJA
- campo de control de longitud fija: 240521|| aca||aabn | a|a d
040 ## - FUENTE DE LA CATALOGACIÓN
- Centro catalogador/agencia de origen: DO-SdBNP
- Centro/agencia transcriptor: DO-SdBNP
150 ## - ENCABEZAMIENTO--TÉRMINO DE MATERIA
- Término de materia o nombre geográfico como elemento de entrada: Partidos políticos
- Subdivisión de forma: Congresos, conferencias, etc.
- Subdivisión geográfica: América Latina
670 ## - FUENTE DE DATOS ENCONTRADOS
- Cita de la fuente: Work cat.: (DO-SdBNP)56714: Encuentro Internacional de Administradores de Procesos Electorales Santo Domingo, República Dominicana) 2008 : (1 : 85526, Encuentro Internacional de Administradores de Procesos Electorales /
